Conceptos de administración estratégica (Registro nro. 2850)
[ vista simple ]
| 000 -CABECERA | |
|---|---|
| campo de control de longitud fija | 00940aam a2200313 4500 |
| 005 - FECHA Y HORA DE ACTUALIZACIÓN | |
| campo de control | 20161116093643.0 |
| 008 - LONGITUD FIJA | |
| campo de control de longitud fija | 150615b xxu||||| |||| 00| 0 spa d |
| 041 ## - IDIOMA | |
| Código de idioma del texto/pista de sonido o título separado | |
| 082 ## - CLASIFICACIÓN DECIMAL DEWEY | |
| Número de clasificación | 658.401.2 D261c |
| 100 ## - AUTOR PERSONAL | |
| Nombre de persona | Freud, David |
| 245 ## - TÍTULO PROPIAMENTE DICHO | |
| Título | Conceptos de administración estratégica |
| 260 ## - PIE DE IMPRENTA | |
| Lugar de publicación, distribución, etc. | México |
| Nombre del editor, distribuidor, etc. | Pearson |
| Fecha de publicación, distribución, etc. | 2008 |
| 300 ## - DESCRIPCIÓN FÍSICA | |
| Extensión | 416 páginas |
| 650 ## - Materia General | |
| Materia general | ADMINISTRACIÓN ESTRATÉGICA |
| 650 ## - Materia General | |
| Materia general | FORMULACIÓN ESTRATÉGICA |
| 650 ## - Materia General | |
| Materia general | VISIÓN |
| 650 ## - Materia General | |
| Materia general | MISIÓN |
| 650 ## - Materia General | |
| Materia general | EVALUACIÓN INTERNA |
| 650 ## - Materia General | |
| Materia general | EVALUACIÓN EXTERNA |
| 650 ## - Materia General | |
| Materia general | PORTER, MICHAEL |
| 650 ## - Materia General | |
| Materia general | ESTRATEGIA |
| 650 ## - Materia General | |
| Materia general | CUADRO DE MANDO INTEGRAL |
| 650 ## - Materia General | |
| Materia general | PRESENTACIONES PROFESIONALES |
| 650 ## - Materia General | |
| Materia general | AUDITORÍA |
| 650 ## - Materia General | |
| Materia general | AUDITORÍA AMBIENTAL |
| 650 ## - Materia General | |
| Materia general | SUBCONTRATACIÓN |
| 650 ## - Materia General | |
| Materia general | ORGANIGRAMAS |
| 942 ## - Punto de Acceso Adicional Koha | |
| Tipo de ítem Koha | Libro |
No hay ítems disponibles.